00688nam a2200217Ia 4500008004100000020001800041050001400059100002900073245002900102245003700131245006100168260001500229260001700244260000900261300001400270300002500284300001000309440002900319999001900348952010300367180207s9999 xx 000 0 und d a9789715906791 bD125 2009 aDages, Juliette Garesche aLearning about virtues : ba guide to making good choices / cby Juliette Garesche Dages ; illustrated by R. W. Alley. aNew York : bAbbey Press, c2009 aunpaged : bcolor illustration ; c20cm. aElf-help books for kids. c355523d355523 001040aSSISMbSSISMd2018-02-07l0oER D125 2009pSSISM5068r2018-02-07 00:00:00w2018-02-07yBK